000
00359nam a22001577a 4500
003
MPLRDC
005
20220104125601.0
008
210129b ||||| |||| 00| 0 eng d
082
_a
947.413 SQJC
100
_a
神崎将臣
245
_a
街头霸王
_c
260
_a
_b
东方出版社
_c
300
_b
平
650
_a
漫画
942
_c
BK
_o
947.413 SQJC
999
_c
28523
_d
28513